Logo BPK

Bibliografia Prac Pracowników

Politechniki Koszalińskiej

Hurwitz-Radon Radon Operator in monochromatic medical image reconstruction / (Rekord nr 8758)

Szczegóły MARC
000 -ETYKIETA REKORDU
podpole kontrolne o stałej długości 00707naa a2200169 i 4500
001 - NUMER KONTROLNY REKORDU
podpole kontrolne 8758
003 - IDENTYFIKATOR NUMERU KONTROLNEGO REKORDU
podpole kontrolne KOSZ 005
005 - DATA OSTATNIEJ MODYFIKACJI REKORDU
podpole kontrolne 20180303103703.0
008 - POLE O STAŁEJ DŁUGOŚCI - DANE KONTROLNE
podpole kontrolne o stałej długości 180302s2007 pl | f |000 ||eng d
040 ## - ŹRÓDŁO KATALOGOWANIA
Instytucja, która utworzyła rekord KOSZ 005/HR
Instytucja, która sporządziła opis KOSZ 005/HR
041 ## - KOD JĘZYKA
Kod języka tekstu eng
100 1# - NAZWA OSOBOWA
Nazwa osobowa JAKÓBCZAK, Dariusz.
Lata pracy 1998 - .
Instytucja Politechnika Koszalińska - Wydział Elektroniki i Informatyki,
Wydział Katedra Telekomunikacji
245 10 - TYTUŁ/ODPOWIEDZIALNOŚĆ
Tytuł Hurwitz-Radon Radon Operator in monochromatic medical image reconstruction /
Pozostałe elementy strefy tytułu i oznaczenia odpowiedzialności Dariusz Jakóbczak, W. Kosiński.
500 ## - UWAGI OGÓLNE
Tekst uwagi Dane z bibliografii załącznikowej.
773 0# - TYTUŁ DOKUMENTU MACIERZYSTEGO
Wyrażenie wprowadzające W :
Tytuł Journal of Medical Informatics & Technologies. -
Adres wydawniczy Katowice : US. -
Informacje dotyczące relacji 2007, vol.11, s. 69-78
ISSN 1642-6037
942 ## - HASŁO DODATKOWE - ELEMENTY(KOHA)
Typ dokumentu Artykuł
Schemat klasyfikacji Uniwersalna klasyfikacja dziesiętna

Brak dostępnych egzemplarzy.

© 2014 Biblioteka Politechniki Koszalińskiej :: BIBLIOGRAFIA PRAC PRACOWNIKÓW